Choix des historiens grecs avec notices biographiques / (Record no. 48295)

MARC details
000 -LEADER
campo de control de longitud fija 01046nam a22002295i 4500
001 - NÚMERO DE CONTROL
campo de control 48295
003 - IDENTIFICADOR DE NÚMERO DE CONTROL
campo de control ES-MaACL
005 - FECHA Y HORA DE LA ÚLTIMA TRANSACCIÓN
campo de control 20230906161728.0
007 - CAMPO FIJO DE DESCRIPCIÓN FÍSICA--INFORMACIÓN GENERAL
campo de control de longitud fija t|
008 - DATOS DE LONGITUD FIJA--INFORMACIÓN GENERAL
campo de control de longitud fija 950711s1840 fr ||||1| fre d
040 ## - FUENTE DE CATALOGACIÓN
Centro catalogador/agencia de origen CAM
Lengua de catalogación spa
Centro/agencia transcriptor CAM
245 00 - MENCIÓN DEL TÍTULO
Título Choix des historiens grecs avec notices biographiques /
Mención de responsabilidad, etc. par J.A.C. Buchon.
260 ## - PUBLICACIÓN, DISTRIBUCIÓN, ETC.
Lugar de publicación, distribución, etc. Paris :
Nombre del editor, distribuidor, etc. Augusto Desrez,
Fecha de publicación, distribución, etc. 1840.
300 ## - DESCRIPCIÓN FÍSICA
Extensión XV, 702 p., [1] h. de map. ;
Dimensiones 27 cm.
505 8# - NOTA DE CONTENIDO CON FORMATO
Nota de contenido con formato Contiene: Histoire de la lutte entre grecs et les barbares / Herodote -- Vie d'Homére / attribuée a Hérodote -- Histoire de Perse ; Histoire de l'Inde / Ctésias -- Expeditions d'Alexandre / Arrien -- Chronique des Comtes de Foix en langue Béarnaise / Miguel de Verms -- Chronique inédite de Flandres / anonyme -- Ambassade du juge d'arborée / G. Gaian et M. de Rochefort.
700 1# - ENTRADA AGREGADA--NOMBRE PERSONAL
Nombre de persona Herodoto.
9 (RLIN) 63126
700 1# - ENTRADA AGREGADA--NOMBRE PERSONAL
Nombre de persona Ctésias.
9 (RLIN) 41872
700 1# - ENTRADA AGREGADA--NOMBRE PERSONAL
Nombre de persona Arriano, Flavio.
9 (RLIN) 23278
700 1# - ENTRADA AGREGADA--NOMBRE PERSONAL
Nombre de persona Verms, Miguel del.
9 (RLIN) 114155
700 1# - ENTRADA AGREGADA--NOMBRE PERSONAL
Nombre de persona Buchon, Jean-Alexandre.
9 (RLIN) 126221
852 ## - LOCALIZACIÓN
Ubicación ES-MaACL
Número de control de estantería G-13979
Holdings
Estatus retirado Estado de pérdida Estado de daño No para préstamo Colección Biblioteca de origen Biblioteca actual Ubicación en estantería Fecha de adquisición Fuente de adquisición Total de préstamos Signatura topográfica completa Código de barras Visto por última vez Precio de reemplazo Tipo de ítem Koha
        Libros del s. XIX Biblioteca del Ateneo de Madrid Biblioteca del Ateneo de Madrid Sala Pecera Planta 3 17/01/2008     G-13979 1050827 23/02/2023 23/02/2023 Libro impreso antiguo